Amritlal Nagar rachanawali : (Record no. 7304)

MARC details
000 -LEADER
fixed length control field 00548cam a2200217ua 4500
001 - CONTROL NUMBER
control field 8194
005 - DATE AND TIME OF LATEST TRANSACTION
control field 20260515114314.0
008 - FIXED-LENGTH DATA ELEMENTS--GENERAL INFORMATION
fixed length control field 150110n ii |||gr||||Z||||||hin
020 ## - INTERNATIONAL STANDARD BOOK NUMBER
International Standard Book Number 8170280303
040 ## - CATALOGING SOURCE
Transcribing agency MAIN
041 ## - LANGUAGE CODE
Language code of text/sound track or separate title hin
082 ## - DEWEY DECIMAL CLASSIFICATION NUMBER
Classification number 891.434
100 ## - MAIN ENTRY--PERSONAL NAME
Personal name Nagar, S.,
Relator term Editor.,
245 1# - TITLE STATEMENT
Title Amritlal Nagar rachanawali :
Remainder of title Vol I /
Statement of responsibility, etc. Edited by Sharad Nagar .
250 ## - EDITION STATEMENT
Edition statement 1st.
260 ## - PUBLICATION, DISTRIBUTION, ETC.
Place of publication, distribution, etc. Delhi:
Name of publisher, distributor, etc. Rajpal,
Date of publication, distribution, etc. 1992.
300 ## - PHYSICAL DESCRIPTION
Extent 504p.
653 ## - INDEX TERM--UNCONTROLLED
Uncontrolled term East Indo-European & Celtic literatures
653 ## - INDEX TERM--UNCONTROLLED
Uncontrolled term Hindi essays
942 ## - ADDED ENTRY ELEMENTS (KOHA)
Koha item type Books
Holdings
Withdrawn status Lost status Damaged status Not for loan Home library Current library Shelving location Date acquired Total checkouts Full call number Barcode Date last seen Copy number Price effective from Koha item type
        Naharkatiya College Library Naharkatiya College Library General stacks 09/19/2020   891.434 | AMR 6853 09/19/2020 1 09/19/2020 Books